Sistemas de planificación y control de la fabricación

Saved in:
Bibliografiske detaljer
Main Authors: Vollmann, Thomas E (Author), Berry, William L (Author), Whybark, D. Clay (Author)
Format: Bog
Sprog:spansk
Udgivet: Madrid Irwin 1995
Fag:
Tags: Tilføj Tag
Ingen Tags, Vær først til at tagge denne postø!

MARC

LEADER 00000nam a2200000 a 4500
001 UCZ7249
003 CL-VaPUC
008 951228e19950000SP |||||||||||||||||spa|d
082 0 4 |a 658.72  |b VOL  |2 21 
100 0 |a Vollmann, Thomas E  |e author  |9 352025 
700 0 |a Berry, William L  |e author  |9 352026 
700 0 |a Whybark, D. Clay  |e author  |9 352027 
245 1 0 |a Sistemas de planificación y control de la fabricación 
300 |a 867 p 
942 |c BK 
945 |d 19951228 00:00:00  |a rleighto 
260 |a Madrid  |b Irwin  |c 1995 
650 0 |a Administración  |9 259325 
650 7 |a PLANIFICACION  |2 CL-VaPUC  |9 260802 
650 0 |a Control  |9 330602 
650 0 |a Empresa  |9 350507 
650 0 |a Producción   |9 263680 
583 |a last modification  |c 19951228 00:00:00  |k Rodrigo Vera 
999 |c 243352  |d 243350 
952 |0 0  |1 0  |4 0  |6 658_720000000000000_VOL_1995  |7 0  |8 A  |9 256947  |a BIBENE  |b BIBENE  |d 2019-11-19  |i 3304027  |o 658.72 VOL 1995  |p 3304027  |r 2025-01-15  |w 2019-11-19  |y BK  |k ICO 
952 |0 0  |1 0  |4 0  |6 658_720000000000000_VOL_1995  |7 0  |8 A  |9 256948  |a BIBENE  |b BIBENE  |d 2019-11-19  |i 3355888  |o 658.72 VOL 1995  |p 3355888  |r 2025-01-15  |w 2019-11-19  |y BK  |k ICO